000
00308nam a22001337a 4500
020
_a
9788176220613
082
_a
631.4
_b
MIL/FU
100
_a
Miller C.E.
_9
1176
100
_a
Turk L.M.
_9
1177
245
_a
Fundamentals of Soil Science
260
_a
Delhi
_b
Biotech Books
_c
2008
300
_a
462
942
_c
BK
999
_c
14673
_d
14673